000 00709nam a22002537a 4500
003 OSt
005 20220924113624.0
006 a|||||r|||| 00| 0
007 ta
008 220923b |||||||| |||| 00| 0 eng d
024 _a54990
037 _cGeneral Books
040 _aARTS
_cARTS
_beng
041 _2eng
_aeng
082 _aP:(S6:4-86), M1
100 _aCole Martha L
_9170243
245 0 _aEffective intervention with the language impaired child
260 _aLondon
_bAs Aspen Pub
_c1981
300 _ap.
650 _aLINGUISTICS
700 _a Cole Jack T
_9170244
942 _hP:(S6:4-86), M1
_cGB
_2CC
999 _c390244
_d390244